Советские артиллеристы пишут надписи на снарядах: "Гитлеру", "В Берлин", "По рейхстагу"

RUSMARC
00003817ckm0a2200277#x 450
0011ed9aeae-397e-4a87-aaf3-2b6a85e60aad
00520250505111454.0
100##$a20250505j19450501k###0rusy50 ca
102##$aDE
116##$afiybxx####zz####zz
1220#$ad19450501##
2001#$aСоветские артиллеристы пишут надписи на снарядах: "Гитлеру", "В Берлин", "По рейхстагу"
$j1 мая 1945 г.
251##$cДокумент
300##$aФотография
300##$aПодлинник
300##$aФотограф О. Б. Кнорринг
605##$2prlib_sh
$3LIBNET\UAF\0000088514
$aВторая мировая война в архивных документах (Комплекс оцифрованных архивных документов, кино- и фотоматериалов)
$lколлекция
6061#$2nlr_sh
$3RU\NLR\AUTH\6615750
$aВеликая Отечественная война
$z1941 - 1945
$xГерои и героизм
$jФотографии
6061#$2nlr_sh
$3RU\NLR\AUTH\66133598
$aБерлинская операция
$z1945
$jФотографии
608##$2prlib_sh
$3LIBNET\UAF\0000115139
$aДокументальные фотографии
$z1945
686##$a63.3(2)622,13я61
$vLBC/M
$2rubbk
801#0$aRU
$bПБ им. Б.Н. Ельцина
$c20250505
801#1$aRU
$bПБ им. Б.Н. Ельцина
$c20250505
$2rusmarc
801#2$aRU
$bПБ им. Б.Н. Ельцина
$c20250505
$2rusmarc
850##$aРоссийский государственный архив кинофотофонодокументов
852##$aРГАКФФД
$jАрх. № 0-312387
035##$aLIBNET\0001471302
937##$d196711119
$hФедеральное архивное агентство
8564#$uhttp://readingroom.main.prlib.ru/item.aspx?id_node=n196711119&mode=full
Формат отображения